Loading...
| Fine Arts - Classical Music | 0 | 5 | 0 | 1 | 50 | 106 | 116.00 | 0 | 1 | 2.77 | 14.55 |
| Fine Arts - Painting and Sculpture | 0 | 2 | 0 | 0 | 20 | 104 | 106.50 | 0 | 0 | 2.80 | 11.14 |
| History - Other | 0 | 2 | 1 | 2 | 15 | 122 | 124.00 | 0 | 0 | 0.00 | 6.82 |
| Science - Physics | 0 | 1 | 0 | 0 | 10 | 90 | 90.00 | 0 | 0 | 2.10 | 3.41 |
| Fine Arts - Other | 0 | 1 | 0 | 1 | 10 | 128 | 128.00 | 0 | 0 | 0.47 | 4.55 |
| History - American | 0 | 1 | 0 | 1 | 10 | 105 | 105.00 | 0 | 0 | 1.45 | 2.73 |
| Literature - American | 0 | 1 | 0 | 0 | 10 | 123 | 123.00 | 0 | 0 | 1.10 | 1.14 |
| Literature - British | 0 | 1 | 0 | 0 | 10 | 137 | 137.00 | 0 | 1 | 0.90 | 5.68 |
| Mythology | 0 | 1 | 0 | 1 | 10 | 133 | 133.00 | 0 | 0 | 0.00 | 1.14 |
| Popular Culture | 0 | 1 | 0 | 0 | 10 | 25 | 25.00 | 1 | 1 | 40.94 | 50.00 |
| Science - Biology | 0 | 1 | 0 | 0 | 10 | 91 | 91.00 | 0 | 1 | 2.53 | 6.36 |
| Science - Chemistry | 0 | 1 | 0 | 1 | 10 | 106 | 106.00 | 0 | 0 | 0.85 | 1.82 |
| Current Events | 0 | 1 | 1 | 0 | 5 | 44 | 44.00 | 0 | 0 | 21.88 | 20.83 |
| Religion | 0 | 1 | 1 | 0 | 5 | 90 | 90.00 | 0 | 1 | 1.30 | 7.27 |
| History - European | 0 | 1 | 1 | 0 | 5 | 126 | 126.00 | 0 | 1 | 0.00 | 0.91 |
| Science - Other | 0 | 0 | 0 | 0 | 0 | 0.00 | 0 | 0 | 0.00 | 0.00 | |
| History - World | 0 | 0 | 0 | 0 | 0 | 0.00 | 0 | 0 | 0.00 | 0.00 | |
| Geography | 0 | 0 | 1 | 0 | -5 | 0.00 | 0 | 0 | 0.00 | 0.00 | |
| Philosophy | 0 | 0 | 1 | 0 | -5 | 0.00 | 0 | 0 | 0.00 | 0.00 | |
| Literature - World | 0 | 0 | 1 | 0 | -5 | 0.00 | 0 | 0 | 0.00 | 0.00 |